Finanční investice lze uskutečňovat i dnes
Existencia možnosti bezpečného zhodnocovania finančných prostriedkov. Istý výnos v spojení s nulovým rizikom neexistuje. Pohľad na nástroje finančného trhu, ktoré môžu využiť aj obce.
Uložené v:
| Hlavný autor: | |
|---|---|
| Ďalší autori: | |
| Médium: | Kapitola |
| Jazyk: | Czech |
| Predmet: | |
| Tagy: |
Žiadne tagy, Buďte prvý, kto otaguje tento záznam!
|
MARC
| LEADER | 00000naa$a2200000$$$4500 | ||
|---|---|---|---|
| 001 | 0094149 | ||
| 005 | 20231129092559.7 | ||
| 041 | 0 | |a cze | |
| 044 | |a CZ | ||
| 245 | 1 | 0 | |a Finanční investice lze uskutečňovat i dnes |c Jaroslava Kypetová, Lukáš Vácha |
| 520 | |a Existencia možnosti bezpečného zhodnocovania finančných prostriedkov. Istý výnos v spojení s nulovým rizikom neexistuje. Pohľad na nástroje finančného trhu, ktoré môžu využiť aj obce. | ||
| 610 | 2 | 0 | |a obce |
| 610 | 2 | 0 | |a trh finančný |
| 610 | 2 | 0 | |a nástroje finančné |
| 610 | 2 | 0 | |a dlhopisy |
| 610 | 2 | 0 | |a banky |
| 610 | 2 | 0 | |a fondy podielové |
| 100 | 1 | |a Kypetová, Jaroslava | |
| 700 | 1 | |a Vácha, Lukáš | |